Central Library OPAC University of Rajshahi

Biochemistry of human cancer / (Record no. 12551)

MARC details
000 -LEADER
fixed length control field 00812cam a2200289 i 4500
001 - CONTROL NUMBER
control field 12551
003 - CONTROL NUMBER IDENTIFIER
rucl marc code BD-RjUL
005 - DATE AND TIME OF LATEST TRANSACTION
control field 20211208235320.0
008 - FIXED-LENGTH DATA ELEMENTS--GENERAL INFORMATION
fixed length control field 140129s1975 nyua b 001 0 eng
020 ## - INTERNATIONAL STANDARD BOOK NUMBER
International Standard Book Number 0121098508
035 ## - SYSTEM CONTROL NUMBER
System control number (BD-RjUL)12600
040 ## - CATALOGING SOURCE
Original cataloging agency DLC
Transcribing agency DLC
Modifying agency DLC
-- BD-RjUL
Language of cataloging eng
041 ## - LANGUAGE CODE
Language code of text/sound track or separate title eng
060 ## - NATIONAL LIBRARY OF MEDICINE CALL NUMBER
Classification number QZ200 B666b
082 00 - DEWEY DECIMAL CLASSIFICATION NUMBER
Classification number 616.994071
Author mark and year BOB 1975
100 1# - MAIN ENTRY--PERSONAL NAME
Personal name Bodansky, Oscar,
Dates associated with a name 1901-
9 (RLIN) 39090
245 10 - TITLE STATEMENT
Title Biochemistry of human cancer /
Statement of responsibility, etc. Oscar Bodansky.
260 ## - PUBLICATION, DISTRIBUTION, ETC. (IMPRINT)
Place of publication, distribution, etc. New York :
Name of publisher, distributor, etc. Academic Press,
Date of publication, distribution, etc. c1975.
300 ## - PHYSICAL DESCRIPTION
Pagination xiv, 657 p. :
Illustrations ill. ;
Size 24 cm.
504 ## - BIBLIOGRAPHY, ETC. NOTE
Bibliography, etc Includes bibliographies and index.
650 #0 - SUBJECT ADDED ENTRY--TOPICAL TERM
Topical term or geographic name as entry element Cancer.
9 (RLIN) 39091
Topical term or geographic name as entry element Metabolism
General subdivision Disorders.
9 (RLIN) 36269
Topical term or geographic name as entry element Neoplasms.
9 (RLIN) 39092
942 ## - ADDED ENTRY ELEMENTS (KOHA)
Source of classification or shelving scheme Dewey Decimal Classification
Koha item type Books
Holdings
Lost status Source of classification or shelving scheme Damaged status Not for loan Collection code Permanent Location Current Location Shelving location Date acquired Source of acquisition Cost, normal purchase price Total Checkouts Full call number Date last seen Copy number Koha item type
  Dewey Decimal Classification   Not For Loan Non-fiction Central Library, University of Rajshahi Central Library, University of Rajshahi Reading Room 14/08/1979 Heffer and Sons 24.10   616.994071 BOB 1975 29/01/2014 C-1 Books
  Dewey Decimal Classification     Non-fiction Central Library, University of Rajshahi Central Library, University of Rajshahi   17/12/1981 Heffers 32.30   616.994071 BOB 1975 18/11/2018 C-2 Books